[Event "44th Chess Olympiad Women 2022"]
[Site "Chennai"]
[Date "2022.08.03"]
[Round "6.5"]
[White "Navrotescu, Andreea"]
[Black "Lanchava, Tea"]
[Result "0-1"]
[WhiteElo "2373"]
[BlackElo "2257"]
[Annotator "TA"]
[PlyCount "138"]
[EventDate "2022.07.29"]
[EventType "team-tourn"]
[EventCountry "IND"]
[SourceTitle "playchess.com"]
[Source "ChessBase"]
[SourceQuality "1"]
[WhiteTeam "France"]
[BlackTeam "Netherlands"]
[WhiteTeamCountry "FRA"]
[BlackTeamCountry "NED"]

1. c4 g6 2. d4 Bg7 3. e4 d6 4. Nc3 Nd7 5. Nf3 c6 6. Be2 e5 7. d5 c5 8. g4 f6 9. h4 Nh6 10. g5 Nf7 11. gxf6 Nxf6 12. Ng5 Qe7 13. Be3 Bd7 14. Rg1 a6 15. h5 Bf8 16. Qb3 Rb8 17. O-O-O gxh5 18. Ne6 Ng4 19. Nc7+ Kd8 20. Nxa6 Kc8 21. Nxb8 Kxb8 22. Bxg4 hxg4 23. Nb5 h5 24. Qa4 Bxb5 25. cxb5 Qc7 26. Rd3 Qb6 27. Qc4 Be7 28. a4 Bg5 29. Kc2 Bxe3 30. Rxe3 Ng5 31. a5 Qxa5 32. Ra3 Qb4 33. Qxb4 cxb4 34. Ra4 Kc7 35. Rxb4 Kb6 36. Kd3 Rf8 37. Rc4 Rxf2 38. Rc8 Rf3+ 39. Ke2 Nxe4 40. Rh8 Rb3 41. Rd1 Kxb5 42. Rd3 Rxb2+ 43. Ke3 Ng3 44. Rd1 h4 45. Rg8 Rb4 46. Kf2 Nf5 47. Rg5 Rb2+ 48. Kg1 Ne3 49. Re1 Rg2+ 50. Kh1 Rg3 51. Rg7 b6 52. Rc7 Nxd5 53. Rb1+ Nb4 54. Rh7 h3 55. Kh2 Rg2+ 56. Kh1 Rd2 57. Rg7 Rd4 58. Kh2 Kc4 59. Kg3 b5 60. Rxg4 Rxg4+ 61. Kxg4 Nd3 62. Kxh3 b4 63. Kg3 e4 64. Kg2 b3 65. Kf1 Kc3 66. Ke2 Kc2 67. Rd1 b2 68. Rd2+ Kc3 69. Rd1 Nc1+ 0-1

[Event "44th Chess Olympiad Women 2022"]
[Site "Chennai"]
[Date "2022.08.03"]
[Round "6.5"]
[White "Ratsma, Rosa"]
[Black "Savina, Anastasia"]
[Result "1-0"]
[WhiteElo "2226"]
[BlackElo "2377"]
[Annotator "TA"]
[PlyCount "61"]
[EventDate "2022.07.29"]
[EventType "team-tourn"]
[EventCountry "IND"]
[SourceTitle "playchess.com"]
[Source "ChessBase"]
[SourceQuality "1"]
[WhiteTeam "Netherlands"]
[BlackTeam "France"]
[WhiteTeamCountry "NED"]
[BlackTeamCountry "FRA"]

1. e4 d6 2. d4 Nf6 3. Nc3 e5 4. Nf3 Nbd7 5. Rg1 g6 6. Be3 c6 7. g4 Bg7 8. dxe5 dxe5 9. Qd2 h5 10. gxh5 Nxh5 11. Bc4 Qe7 12. Ng5 O-O 13. Nxf7 Rxf7 14. Rxg6 Nf8 15. Bxf7+ Qxf7 16. Rg1 Nf4 17. O-O-O b5 18. Qd6 Be6 19. Qxc6 Rc8 20. Qxb5 Qc7 21. Rd2 Bc4 22. Qa4 a6 23. Nd5 Bxd5 24. exd5 Qd6 25. h4 Kh8 26. Qe4 Nd7 27. Bxf4 exf4 28. Qe6 Bxb2+ 29. Kxb2 Rb8+ 30. Ka1 Qf8 31. c3 1-0

[Event "44th Chess Olympiad Women 2022"]
[Site "Chennai"]
[Date "2022.08.03"]
[Round "6.6"]
[White "Efroimski, Marsel"]
[Black "Paehtz, Elisabeth"]
[Result "1/2-1/2"]
[WhiteElo "2456"]
[BlackElo "2484"]
[Annotator "TA"]
[PlyCount "82"]
[EventDate "2022.07.29"]
[EventType "team-tourn"]
[EventCountry "IND"]
[SourceTitle "playchess.com"]
[Source "ChessBase"]
[SourceQuality "1"]
[WhiteTeam "Israel"]
[BlackTeam "Germany"]
[WhiteTeamCountry "ISR"]
[BlackTeamCountry "GER"]

1. e4 c5 2. Nf3 Nc6 3. Bb5 g6 4. O-O Bg7 5. c3 Nf6 6. Re1 O-O 7. d4 d5 8. e5 Ne4 9. Be3 cxd4 10. cxd4 Qb6 11. Bxc6 bxc6 12. Qc1 Rb8 13. b3 f6 14. Nc3 Bf5 15. Na4 Qb5 16. Qa3 g5 17. Rac1 g4 18. exf6 gxf3 19. fxg7 Rf7 20. g3 Qa6 21. Bf4 Bg6 22. Rxe4 dxe4 23. Bxb8 Qc8 24. Kh1 Qxb8 25. b4 Qb5 26. Nc5 Qe2 27. Qe3 Qxa2 28. Re1 Qc4 29. Nxe4 Bxe4 30. Qxe4 Qxb4 31. Rb1 Qd6 32. h4 Qg6 33. Qxg6 hxg6 34. Rc1 Rf6 35. Re1 e6 36. Rc1 Kxg7 37. Rxc6 e5 38. d5 e4 39. Kg1 Rf5 40. Re6 Rxd5 41. Rxe4 Rd1+ 1/2-1/2

[Event "44th Chess Olympiad Women 2022"]
[Site "Chennai"]
[Date "2022.08.03"]
[Round "6.6"]
[White "Klek, Hanna Marie"]
[Black "Belenkaya, Dina"]
[Result "0-1"]
[WhiteElo "2366"]
[BlackElo "2256"]
[Annotator "TA"]
[PlyCount "60"]
[EventDate "2022.07.29"]
[EventType "team-tourn"]
[EventCountry "IND"]
[SourceTitle "playchess.com"]
[Source "ChessBase"]
[SourceQuality "1"]
[WhiteTeam "Germany"]
[BlackTeam "Israel"]
[WhiteTeamCountry "GER"]
[BlackTeamCountry "ISR"]

1. e4 c6 2. d4 d5 3. e5 Bf5 4. h4 h5 5. c4 e6 6. Nc3 Bb4 7. Nge2 dxc4 8. Ng3 Bg6 9. Bxc4 Ne7 10. a3 Ba5 11. O-O Bb6 12. Be3 Nf5 13. Nxf5 Bxf5 14. g3 Nd7 15. Be2 Qe7 16. Bxh5 O-O-O 17. Qe2 f6 18. Na4 Bd3 19. Qxd3 Rxh5 20. Qg6 Rdh8 21. exf6 gxf6 22. Rac1 Bc7 23. Nc5 Nf8 24. Qg4 f5 25. Bg5 Qh7 26. Qf3 Rxg5 27. Nxb7 Qxh4 28. Nd6+ Kb8 29. Qg2 Rhg8 30. Rc3 Qxd4 0-1

[Event "44th Chess Olympiad Women 2022"]
[Site "Chennai"]
[Date "2022.08.03"]
[Round "6.6"]
[White "Schneider, Jana"]
[Black "Levitan, Ronit"]
[Result "1/2-1/2"]
[WhiteElo "2342"]
[BlackElo "2084"]
[Annotator "TA"]
[PlyCount "81"]
[EventDate "2022.07.29"]
[EventType "team-tourn"]
[EventCountry "IND"]
[SourceTitle "playchess.com"]
[Source "ChessBase"]
[SourceQuality "1"]
[WhiteTeam "Germany"]
[BlackTeam "Israel"]
[WhiteTeamCountry "GER"]
[BlackTeamCountry "ISR"]

1. e4 e5 2. Nf3 Nc6 3. Bb5 a6 4. Ba4 Nf6 5. O-O Nxe4 6. d4 b5 7. Bb3 d5 8. dxe5 Be6 9. Qe2 Be7 10. Rd1 O-O 11. c3 Bc5 12. Be3 Bxe3 13. Qxe3 Na5 14. Nbd2 Qe7 15. Nxe4 dxe4 16. Bxe6 exf3 17. Bd5 c6 18. Bxf3 Nc4 19. Qe4 Nxe5 20. Be2 f5 21. Qd4 Rad8 22. Qb6 Nd7 23. Qxc6 Qxe2 24. Rxd7 Rxd7 25. Qxd7 Qxb2 26. Qe6+ Kh8 27. Rd1 Qxc3 28. Qxa6 b4 29. h3 h6 30. Qe6 Qc5 31. Rb1 Rd8 32. Qe1 Rd4 33. Qe3 Qd5 34. Qb3 Qxb3 35. Rxb3 Rd1+ 36. Kh2 Rd2 37. Kg3 Rxa2 38. Rxb4 Kh7 39. Rb6 g5 40. Rf6 Ra5 41. Rd6 1/2-1/2

[Event "44th Chess Olympiad Women 2022"]
[Site "Chennai"]
[Date "2022.08.03"]
[Round "6.6"]
[White "Lahav, Michal"]
[Black "Wagner, Dinara"]
[Result "1-0"]
[WhiteElo "2191"]
[BlackElo "2341"]
[Annotator "TA"]
[PlyCount "79"]
[EventDate "2022.07.29"]
[EventType "team-tourn"]
[EventCountry "IND"]
[SourceTitle "playchess.com"]
[Source "ChessBase"]
[SourceQuality "1"]
[WhiteTeam "Israel"]
[BlackTeam "Germany"]
[WhiteTeamCountry "ISR"]
[BlackTeamCountry "GER"]

1. e4 c5 2. c3 d5 3. exd5 Qxd5 4. d4 Nf6 5. Nf3 e6 6. Na3 Nc6 7. Be3 cxd4 8. Nb5 Qd8 9. Nbxd4 Nd5 10. Nxc6 bxc6 11. Bd2 Be7 12. c4 Nf6 13. Qc2 O-O 14. Bd3 c5 15. Bc3 h6 16. O-O-O Qc7 17. Ne5 Nd7 18. Qe2 Bd6 19. Ng4 Bf4+ 20. Kb1 Bb7 21. g3 Bg5 22. h4 Bf6 23. Nxf6+ Nxf6 24. g4 Bxh1 25. Rxh1 Qf4 26. g5 Ng4 27. f3 Ne3 28. Bd2 Rfd8 29. Bxe3 Qe5 30. gxh6 Rab8 31. b3 a5 32. Rg1 g6 33. f4 Qc3 34. h7+ Kh8 35. Bc2 a4 36. Bc1 axb3 37. axb3 Kxh7 38. Bb2 Rxb3 39. Qh5+ Kg8 40. Bxb3 1-0

[Event "44th Chess Olympiad Women 2022"]
[Site "Chennai"]
[Date "2022.08.03"]
[Round "6.7"]
[White "Houska, Jovanka"]
[Black "Danielian, Elina"]
[Result "0-1"]
[WhiteElo "2360"]
[BlackElo "2441"]
[Annotator "TA"]
[PlyCount "78"]
[EventDate "2022.07.29"]
[EventType "team-tourn"]
[EventCountry "IND"]
[SourceTitle "playchess.com"]
[Source "ChessBase"]
[SourceQuality "1"]
[WhiteTeam "England"]
[BlackTeam "Armenia"]
[WhiteTeamCountry "ENG"]
[BlackTeamCountry "ARM"]

1. d4 d6 2. e4 g6 3. Nc3 Bg7 4. Be3 c6 5. Qd2 Nd7 6. h3 b5 7. Bd3 Bb7 8. Nf3 Qc7 9. Ne2 a6 10. c3 e5 11. dxe5 dxe5 12. c4 Ngf6 13. Rc1 O-O 14. O-O Rfd8 15. Rfd1 Nf8 16. Qc3 Ne6 17. cxb5 axb5 18. Qxe5 Qe7 19. Qg3 Rxa2 20. Qh4 Rxb2 21. Ng5 Nh5 22. Qg4 Bc8 23. Rxc6 h6 24. Nxe6 Bxe6 25. Qf3 Bb3 26. Rd2 Rxd2 27. Bxd2 Qd7 28. Bxb5 Qxd2 29. Qxb3 Qe1+ 30. Kh2 Rd1 31. Rc8+ Kh7 32. Qxd1 Qxd1 33. Rc1 Qd2 34. g3 Nf6 35. Rc7 Qa5 36. Rb7 Nxe4 37. Bc6 Nd6 38. Rd7 Qc5 39. Bg2 Qxf2 0-1

[Event "44th Chess Olympiad Women 2022"]
[Site "Chennai"]
[Date "2022.08.03"]
[Round "6.7"]
[White "Mkrtchyan, Mariam"]
[Black "Kalaiyalahan, Akshaya"]
[Result "1/2-1/2"]
[WhiteElo "2285"]
[BlackElo "2158"]
[Annotator "TA"]
[PlyCount "196"]
[EventDate "2022.07.29"]
[EventType "team-tourn"]
[EventCountry "IND"]
[SourceTitle "playchess.com"]
[Source "ChessBase"]
[SourceQuality "1"]
[WhiteTeam "Armenia"]
[BlackTeam "England"]
[WhiteTeamCountry "ARM"]
[BlackTeamCountry "ENG"]

1. d4 d5 2. c4 e6 3. Nf3 Nf6 4. g3 Bb4+ 5. Bd2 Be7 6. Bg2 O-O 7. O-O c6 8. Bc3 Ne4 9. Nbd2 Nxc3 10. bxc3 Nd7 11. e4 dxe4 12. Nxe4 Nf6 13. Ne5 Qc7 14. Rb1 Bd7 15. Qc2 Rab8 16. Rfd1 Be8 17. f4 Nxe4 18. Bxe4 g6 19. h4 f6 20. Nf3 Bf7 21. Kg2 Rfd8 22. h5 Kg7 23. Rh1 c5 24. hxg6 hxg6 25. Rh2 f5 26. Bd3 Bf6 27. Qf2 Qc6 28. Kf1 Qd7 29. Ne5 Bxe5 30. fxe5 cxd4 31. Qf4 Rh8 32. Rxh8 Rxh8 33. cxd4 Qc6 34. Kf2 Rh2+ 35. Ke3 Qg2 36. d5 Rh3 37. Be2 Rxg3+ 38. Bf3 Qh3 39. Rh1 Qxh1 40. Qxg3 Qc1+ 41. Kd3 b5 42. cxb5 exd5 43. Qh4 Qa3+ 44. Ke2 Qxa2+ 45. Ke1 Qa1+ 46. Kd2 Qb2+ 47. Kd1 Qxe5 48. Qa4 Qe3 49. Be2 f4 50. Qa1+ Kg8 51. Qf6 d4 52. Qd8+ Kg7 53. Qd7 Qb3+ 54. Ke1 Qc3+ 55. Kf2 Qe3+ 56. Kf1 f3 57. Bd1 Qd3+ 58. Ke1 f2+ 59. Kxf2 Qxd1 60. Qxa7 Qd2+ 61. Kf3 Qd3+ 62. Kf2 Qxb5 63. Qxd4+ Kg8 64. Qd8+ Qe8 65. Qf6 Qe6 66. Qd8+ Kg7 67. Qb8 Qf6+ 68. Kg3 g5 69. Qc7 Kg6 70. Qc2+ Qf5 71. Qc6+ Be6 72. Qe8+ Qf7 73. Qc6 Qf4+ 74. Kg2 Qd2+ 75. Kg3 Qd3+ 76. Kf2 Qd4+ 77. Ke1 Kf5 78. Qf3+ Qf4 79. Qh3+ g4 80. Qh7+ Ke5 81. Qc7+ Ke4 82. Qc2+ Ke5 83. Qc7+ Ke4 84. Qc2+ Kd5 85. Qb3+ Qc4 86. Qb7+ Kd6 87. Qb8+ Ke7 88. Qe5 Kd7 89. Qg7+ Bf7 90. Kf2 Qf4+ 91. Kg1 g3 92. Kg2 Qf2+ 93. Kh3 Qf1+ 94. Kh4 g2 95. Qxg2 Qf6+ 96. Qg5 Qh8+ 97. Kg3 Be6 98. Qb5+ Ke7 1/2-1/2

[Event "44th Chess Olympiad Women 2022"]
[Site "Chennai"]
[Date "2022.08.03"]
[Round "6.7"]
[White "Yao, Lan"]
[Black "Sargsyan, Anna M."]
[Result "0-1"]
[WhiteElo "2274"]
[BlackElo "2378"]
[Annotator "TA"]
[PlyCount "118"]
[EventDate "2022.07.29"]
[EventType "team-tourn"]
[EventCountry "IND"]
[SourceTitle "playchess.com"]
[Source "ChessBase"]
[SourceQuality "1"]
[WhiteTeam "England"]
[BlackTeam "Armenia"]
[WhiteTeamCountry "ENG"]
[BlackTeamCountry "ARM"]

1. e4 e5 2. Nf3 Nc6 3. Bc4 Bc5 4. c3 Nf6 5. d3 d6 6. Bb3 a5 7. Nbd2 O-O 8. O-O Ba7 9. h3 Ne7 10. Re1 Ng6 11. Nf1 Bd7 12. Ng3 Qc8 13. d4 Re8 14. Ng5 Re7 15. Nh5 Qf8 16. Qf3 Ne8 17. Qd3 a4 18. Bc2 Nf6 19. Nxf6+ gxf6 20. Nf3 Qg7 21. Kh2 Kh8 22. Be3 Rg8 23. Rg1 f5 24. dxe5 fxe4 25. Qxe4 Bc6 26. Qf5 Bxe3 27. fxe3 Bxf3 28. Qxf3 Qxe5+ 29. Kh1 Nh4 30. Qf2 Qg5 31. Raf1 b5 32. Qf6+ Qxf6 33. Rxf6 Rg3 34. Rf4 Ng6 35. Bxg6 fxg6 36. Rb4 c6 37. e4 Rd3 38. Re1 d5 39. e5 Rd2 40. Kh2 Kg7 41. h4 Rf2 42. Kg3 Rf5 43. b3 axb3 44. axb3 Rexe5 45. Rc1 Re3+ 46. Kh2 Rf2 47. Rg4 h5 48. Rg5 Rf4 49. g3 Rf2+ 50. Kh1 Ree2 51. c4 bxc4 52. bxc4 d4 53. Ra5 d3 54. Ra7+ Kf6 55. Raa1 d2 56. Rd1 Kf5 57. Kg1 Kg4 58. Ra5 Rg2+ 59. Kh1 Kh3 0-1

[Event "44th Chess Olympiad Women 2022"]
[Site "Chennai"]
[Date "2022.08.03"]
[Round "6.8"]
[White "Padmini, Rout"]
[Black "Worek, Joanna"]
[Result "1/2-1/2"]
[WhiteElo "2374"]
[BlackElo "2280"]
[Annotator "TA"]
[PlyCount "96"]
[EventDate "2022.07.29"]
[EventType "team-tourn"]
[EventCountry "IND"]
[SourceTitle "playchess.com"]
[Source "ChessBase"]
[SourceQuality "1"]
[WhiteTeam "India"]
[BlackTeam "Czech Republic"]
[WhiteTeamCountry "IND"]
[BlackTeamCountry "CZE"]

1. Nf3 d5 2. g3 Bg4 3. Bg2 Nd7 4. d4 e6 5. h3 Bh5 6. O-O Be7 7. c4 c6 8. cxd5 exd5 9. Nc3 Ngf6 10. Ne5 Nxe5 11. dxe5 Nd7 12. f4 f5 13. exf6 Qb6+ 14. Kh2 Nxf6 15. g4 Bf7 16. e4 dxe4 17. Nxe4 Nd5 18. Qf3 O-O-O 19. Qf2 Qxf2 20. Rxf2 Rhe8 21. Bd2 Rd7 22. a3 Bd8 23. Rc1 Bc7 24. Nc5 Rde7 25. Kg1 Bb6 26. b4 Bc7 27. Bf1 Nf6 28. Bg2 Bd5 29. Bxd5 Nxd5 30. Kg2 Bd6 31. f5 Bxc5 32. bxc5 Kd7 33. Bc3 b6 34. f6 gxf6 35. Bxf6 Nxf6 36. Rxf6 Re2+ 37. Kg3 R8e3+ 38. Kh4 Rh2 39. cxb6 Rhxh3+ 40. Kg5 axb6 41. Rfxc6 h5 42. Rc7+ Kd6 43. gxh5 Re5+ 44. Kg4 Rexh5 45. R7c6+ Kd5 46. Rxb6 R5h4+ 47. Kg5 Rh5+ 48. Kg4 R5h4+ 1/2-1/2

[Event "44th Chess Olympiad Women 2022"]
[Site "Chennai"]
[Date "2022.08.03"]
[Round "6.8"]
[White "Divya Deshmukh"]
[Black "Petrova, Kristyna"]
[Result "1/2-1/2"]
[WhiteElo "2319"]
[BlackElo "2238"]
[Annotator "TA"]
[PlyCount "150"]
[EventDate "2022.07.29"]
[EventType "team-tourn"]
[EventCountry "IND"]
[SourceTitle "playchess.com"]
[Source "ChessBase"]
[SourceQuality "1"]
[WhiteTeam "India"]
[BlackTeam "Czech Republic"]
[WhiteTeamCountry "IND"]
[BlackTeamCountry "CZE"]

1. e4 e5 2. Nf3 Nc6 3. Bb5 a6 4. Ba4 Nf6 5. d3 b5 6. Bb3 Bc5 7. c3 Bb6 8. O-O d6 9. h3 h6 10. Be3 Rb8 11. Nbd2 O-O 12. Re1 Bxe3 13. fxe3 Na5 14. Bc2 c5 15. d4 Qe7 16. d5 c4 17. Qe2 Nb7 18. g4 Nh7 19. Kh2 Nc5 20. Rg1 g6 21. b4 cxb3 22. axb3 b4 23. c4 Ng5 24. Qf2 Bd7 25. Ne1 Ra8 26. h4 Nh7 27. Nd3 Nxd3 28. Bxd3 a5 29. Bc2 Kg7 30. Qg3 Nf6 31. Bd1 Rh8 32. Kg2 a4 33. bxa4 b3 34. a5 b2 35. Rb1 Rhb8 36. g5 hxg5 37. hxg5 Nh5 38. Bxh5 gxh5 39. c5 dxc5 40. Nc4 Bg4 41. Qxe5+ Qxe5 42. Nxe5 Rxa5 43. Rgf1 Rb7 44. Nc4 Ra4 45. Nd6 Rd7 46. e5 Rb4 47. Rf4 Rb3 48. Ne8+ Kg6 49. Nf6 Re7 50. e6 Bxe6 51. dxe6 Rxe6 52. Nd7 Rexe3 53. Nxc5 Rb5 54. Ne4 Re5 55. Nd6 Rxg5+ 56. Kf2 Rb3 57. Nxf7 Rf5 58. Rxf5 Kxf5 59. Nd6+ Kf4 60. Nc4 h4 61. Kg2 Rb4 62. Nxb2 Kg4 63. Kf2 Kf5 64. Ke3 Rb3+ 65. Ke2 Ke4 66. Kd2 Kf3 67. Kc2 Rb8 68. Rh1 Kg3 69. Rg1+ Kf3 70. Rh1 Kg3 71. Rg1+ Kf3 72. Rg7 h3 73. Rf7+ Kg2 74. Nc4 Rc8 75. Kd3 Rxc4 1/2-1/2

[Event "44th Chess Olympiad Women 2022"]
[Site "Chennai"]
[Date "2022.08.03"]
[Round "6.8"]
[White "Movsesian, Julia"]
[Black "Vantika Agrawal"]
[Result "1/2-1/2"]
[WhiteElo "2291"]
[BlackElo "2371"]
[Annotator "TA"]
[PlyCount "105"]
[EventDate "2022.07.29"]
[EventType "team-tourn"]
[EventCountry "IND"]
[SourceTitle "playchess.com"]
[Source "ChessBase"]
[SourceQuality "1"]
[WhiteTeam "Czech Republic"]
[BlackTeam "India"]
[WhiteTeamCountry "CZE"]
[BlackTeamCountry "IND"]

1. e4 c5 2. Nc3 Nc6 3. Bb5 Nd4 4. Nf3 e6 5. O-O a6 6. Bd3 Nc6 7. Be2 Qc7 8. d4 cxd4 9. Nxd4 Nf6 10. Kh1 Nxd4 11. Qxd4 Bc5 12. Qd3 O-O 13. Bg5 b5 14. f4 Ne8 15. e5 Bb7 16. Ne4 Bxe4 17. Qxe4 d5 18. Qf3 Be7 19. Bxe7 Qxe7 20. Bd3 g6 21. Qh3 Ng7 22. Rae1 h5 23. Qf3 Rfd8 24. Re2 b4 25. Rfe1 a5 26. b3 a4 27. h3 axb3 28. axb3 h4 29. Kh2 Nh5 30. Qg4 Ng3 31. Re3 Kg7 32. Rf3 Kf8 33. Rf2 Ra5 34. Rd2 Rda8 35. Rdd1 R8a7 36. Qf3 Qc5 37. Qg4 Qe7 38. Qf3 Kg7 39. Qg4 Ra8 40. Rc1 Ra2 41. Rcd1 Rc8 42. Ra1 Rca8 43. Rad1 R8a7 44. Rc1 Kf8 45. Qf3 Kg8 46. Qg4 Kf8 47. Rcd1 Ra8 48. Rc1 R2a7 49. Rcd1 Kg7 50. Rc1 Rh8 51. Ra1 Rha8 52. Rac1 Rh8 53. Ra1 1/2-1/2

[Event "44th Chess Olympiad Women 2022"]
[Site "Chennai"]
[Date "2022.08.03"]
[Round "6.8"]
[White "Pilsova, Karolina"]
[Black "Gomes, Mary Ann"]
[Result "1/2-1/2"]
[WhiteElo "2230"]
[BlackElo "2324"]
[Annotator "TA"]
[PlyCount "82"]
[EventDate "2022.07.29"]
[EventType "team-tourn"]
[EventCountry "IND"]
[SourceTitle "playchess.com"]
[Source "ChessBase"]
[SourceQuality "1"]
[WhiteTeam "Czech Republic"]
[BlackTeam "India"]
[WhiteTeamCountry "CZE"]
[BlackTeamCountry "IND"]

1. Nf3 Nf6 2. c4 c5 3. Nc3 g6 4. e4 d6 5. d4 cxd4 6. Nxd4 Bg7 7. Be2 O-O 8. Be3 Bd7 9. O-O Nc6 10. h3 Nxd4 11. Bxd4 Bc6 12. Qc2 Rc8 13. Rad1 Nd7 14. Bxg7 Kxg7 15. b4 b6 16. Bg4 h5 17. Bxd7 Bxd7 18. Nd5 Be6 19. Qb2+ Kh7 20. Rd4 Bxd5 21. exd5 Qd7 22. Qe2 Rc7 23. f4 Qf5 24. Re4 b5 25. c5 dxc5 26. Rxe7 Rxe7 27. Qxe7 Kg7 28. d6 cxb4 29. d7 Qf6 30. Qe8 Qd8 31. Re1 a5 32. Kh1 a4 33. Re7 b3 34. axb3 axb3 35. Re1 b2 36. Qe5+ Qf6 37. Qxb5 Rd8 38. Rb1 Qd4 39. Qxb2 Qxb2 40. Rxb2 Rxd7 41. g3 Rd3 1/2-1/2

[Event "44th Chess Olympiad Women 2022"]
[Site "Chennai"]
[Date "2022.08.03"]
[Round "6.9"]
[White "Gara, Ticia"]
[Black "Hoang, Thi Bao Tram"]
[Result "0-1"]
[WhiteElo "2367"]
[BlackElo "2288"]
[Annotator "TA"]
[PlyCount "118"]
[EventDate "2022.07.29"]
[EventType "team-tourn"]
[EventCountry "IND"]
[SourceTitle "playchess.com"]
[Source "ChessBase"]
[SourceQuality "1"]
[WhiteTeam "Hungary"]
[BlackTeam "Vietnam"]
[WhiteTeamCountry "HUN"]
[BlackTeamCountry "VIE"]

1. e4 c6 2. d4 d5 3. f3 g6 4. Nc3 Bg7 5. Be3 Nf6 6. e5 Ng8 7. f4 Nh6 8. Nf3 f6 9. h3 Nf7 10. Qd2 Be6 11. O-O-O Nd7 12. g4 f5 13. Qg2 Nb6 14. Nd2 Nh6 15. Be2 Nd7 16. g5 Nf7 17. h4 Qc7 18. h5 Rg8 19. Nf3 O-O-O 20. Kb1 Kb8 21. Na4 Rc8 22. Nc5 Nd8 23. Bd3 Bf7 24. c3 Ka8 25. Qc2 b6 26. Nb3 c5 27. dxc5 bxc5 28. c4 d4 29. Bd2 Nc6 30. Bf1 a6 31. Bg2 Ka7 32. Rhe1 Be6 33. Nh4 Bf8 34. Bd5 Nd8 35. Ba5 Nb6 36. Nf3 Qd7 37. Qd2 Nxd5 38. Nxc5 Rxc5 39. Qxd4 Nb7 40. b4 Nxb4 41. Bxb4 Qxd4 42. Nxd4 Rxc4 43. Nxe6 Rxb4+ 44. Kc2 Rb6 45. Nd8 e6 46. Rd7 Bb4 47. Red1 Rxd8 48. Rxd8 Nxd8 49. hxg6 hxg6 50. Rxd8 Rc6+ 51. Kb3 Be1 52. Rg8 Bd2 53. Rxg6 Bxf4 54. Rg7+ Kb6 55. g6 Bxe5 56. Re7 Kc5 57. g7 Bxg7 58. Rxg7 Kd4 59. a4 f4 0-1

[Event "44th Chess Olympiad Women 2022"]
[Site "Chennai"]
[Date "2022.08.03"]
[Round "6.9"]
[White "Vo, Thi Kim Phung"]
[Black "Hoang, Thanh Trang"]
[Result "1/2-1/2"]
[WhiteElo "2333"]
[BlackElo "2376"]
[Annotator "TA"]
[PlyCount "72"]
[EventDate "2022.07.29"]
[EventType "team-tourn"]
[EventCountry "IND"]
[SourceTitle "playchess.com"]
[Source "ChessBase"]
[SourceQuality "1"]
[WhiteTeam "Vietnam"]
[BlackTeam "Hungary"]
[WhiteTeamCountry "VIE"]
[BlackTeamCountry "HUN"]

1. d4 d5 2. c4 e6 3. Nc3 a6 4. cxd5 exd5 5. Nf3 Nf6 6. Bg5 Be6 7. e3 Nbd7 8. Be2 Bd6 9. O-O O-O 10. Rc1 h6 11. Bh4 c6 12. Na4 Qc7 13. Nc5 Bg4 14. Nxd7 Nxd7 15. Bg3 Bxg3 16. hxg3 Rfe8 17. Re1 Qd6 18. Qb3 Rab8 19. Bd3 Qf6 20. Nh2 Bf5 21. Bxf5 Qxf5 22. Qc2 Qxc2 23. Rxc2 Kf8 24. Nf3 Nb6 25. Ne5 f6 26. Nd3 Nc4 27. b3 Nd6 28. g4 Re7 29. f3 Rbe8 30. Kf2 Kf7 31. a4 g6 32. Nf4 Kg7 33. Rce2 Kf7 34. Rh1 Kg7 35. Rhe1 Kf7 36. Rh1 Kg7 1/2-1/2

[Event "44th Chess Olympiad Women 2022"]
[Site "Chennai"]
[Date "2022.08.03"]
[Round "6.9"]
[White "Gaal, Zsoka"]
[Black "Bach, Ngoc Thuy Duong"]
[Result "1-0"]
[WhiteElo "2313"]
[BlackElo "2192"]
[Annotator "TA"]
[PlyCount "71"]
[EventDate "2022.07.29"]
[EventType "team-tourn"]
[EventCountry "IND"]
[SourceTitle "playchess.com"]
[Source "ChessBase"]
[SourceQuality "1"]
[WhiteTeam "Hungary"]
[BlackTeam "Vietnam"]
[WhiteTeamCountry "HUN"]
[BlackTeamCountry "VIE"]

1. d4 d5 2. c4 e6 3. Nc3 c6 4. e4 dxe4 5. Nxe4 Bb4+ 6. Bd2 Qxd4 7. Bxb4 Qxe4+ 8. Be2 Nd7 9. Nf3 c5 10. Bc3 f6 11. Qd2 Nb6 12. O-O-O Bd7 13. Ng5 Qg6 14. Bd3 f5 15. h4 Nf6 16. h5 Nxh5 17. g4 h6 18. Rxh5 O-O-O 19. Nh3 Qxg4 20. Be2 Qg2 21. Qe3 Qc6 22. Bxg7 Rhg8 23. Bf6 Rde8 24. Be5 Rd8 25. b3 Be8 26. Rxd8+ Kxd8 27. Bf3 Bxh5 28. Bxc6 bxc6 29. Qxh6 Nd7 30. Qxe6 Re8 31. Bf6+ Kc7 32. Be7 Nb6 33. Nf4 Nc8 34. Nxh5 Rxe7 35. Qxf5 Re2 36. Nf6 1-0

[Event "44th Chess Olympiad Women 2022"]
[Site "Chennai"]
[Date "2022.08.03"]
[Round "6.9"]
[White "Nguyen, Thi Mai Hung"]
[Black "Lazarne Vajda, Szidonia"]
[Result "1-0"]
[WhiteElo "2223"]
[BlackElo "2313"]
[Annotator "TA"]
[PlyCount "136"]
[EventDate "2022.07.29"]
[EventType "team-tourn"]
[EventCountry "IND"]
[SourceTitle "playchess.com"]
[Source "ChessBase"]
[SourceQuality "1"]
[WhiteTeam "Vietnam"]
[BlackTeam "Hungary"]
[WhiteTeamCountry "VIE"]
[BlackTeamCountry "HUN"]

1. d4 d5 2. Nf3 Nf6 3. Bf4 e6 4. e3 Bd6 5. Nbd2 Bxf4 6. exf4 Qd6 7. g3 b6 8. c3 O-O 9. Bd3 c5 10. Qe2 a5 11. O-O Ba6 12. a4 Bxd3 13. Qxd3 Na6 14. Rfe1 cxd4 15. Nxd4 Nc5 16. Qc2 Nce4 17. Rad1 Nxd2 18. Rxd2 g6 19. h4 Rac8 20. Nf3 Kg7 21. Ne5 Nd7 22. h5 Nxe5 23. Rxe5 Rc4 24. b3 Rc5 25. Qd3 f6 26. Re3 e5 27. fxe5 fxe5 28. hxg6 hxg6 29. Qe2 d4 30. cxd4 exd4 31. Re4 Rc1+ 32. Kg2 Qc6 33. Qd3 Rd8 34. Qf3 Rc3 35. Re7+ Kg8 36. Qxc6 Rxc6 37. Rd3 Rc3 38. Rxc3 dxc3 39. Rc7 Rd3 40. Rc6 c2 41. Rxg6+ Kf7 42. Rc6 Rxb3 43. Rxc2 Rb4 44. Rc6 Ke7 45. f4 Kd7 46. Rf6 Kc7 47. g4 Rxa4 48. g5 Ra2+ 49. Kf3 Ra1 50. g6 Rg1 51. Kf2 Rg4 52. Kf3 Rg1 53. f5 a4 54. Rf7+ Kd6 55. Kf4 b5 56. Ra7 Kd5 57. g7 a3 58. f6 Ke6 59. Ra6+ Kf7 60. Ke5 Rg5+ 61. Kf4 Rg1 62. Kf5 Rf1+ 63. Ke5 Re1+ 64. Kd4 Rg1 65. Ke5 Re1+ 66. Kd5 Rg1 67. Ra8 Re1 68. Ra6 Rd1+ 1-0

[Event "44th Chess Olympiad Women 2022"]
[Site "Chennai"]
[Date "2022.08.03"]
[Round "6.10"]
[White "Chumpitaz, Ann"]
[Black "Peycheva, Gergana"]
[Result "1/2-1/2"]
[WhiteElo "2278"]
[BlackElo "2295"]
[Annotator "TA"]
[PlyCount "89"]
[EventDate "2022.07.29"]
[EventType "team-tourn"]
[EventCountry "IND"]
[SourceTitle "playchess.com"]
[Source "ChessBase"]
[SourceQuality "1"]
[WhiteTeam "Peru"]
[BlackTeam "Bulgaria"]
[WhiteTeamCountry "PER"]
[BlackTeamCountry "BUL"]

1. e4 e6 2. d4 d5 3. e5 c5 4. c3 Nc6 5. a3 Bd7 6. b4 cxd4 7. cxd4 Nge7 8. Nf3 Ng6 9. h4 Be7 10. h5 Nf8 11. Bd3 h6 12. Be3 Nh7 13. Nc3 Ng5 14. Nxg5 Bxg5 15. f4 Bh4+ 16. Kf1 Be7 17. Rh3 O-O 18. Qg4 f5 19. Qd1 a5 20. b5 Na7 21. Qb3 Qe8 22. Kf2 a4 23. Qb2 Nc8 24. Rg1 Nb6 25. g4 Rc8 26. gxf5 exf5 27. Kf3 Kh8 28. Rg6 Bd8 29. Qb4 Be7 30. Qb2 Bd8 31. Bf2 Be6 32. Bh4 Bf7 33. Bxd8 Qxd8 34. Rxb6 Qxb6 35. Nxa4 Qa7 36. Qb4 Ra8 37. Nc5 Qxa3 38. Qxa3 Rxa3 39. Ke2 Be8 40. Rh1 Ra2+ 41. Ke3 Ra3 42. Kd2 Ra2+ 43. Ke3 Ra3 44. Kd2 Ra2+ 45. Ke3 1/2-1/2